| 000 | 00331nam a2200133Ia 4500 | ||
|---|---|---|---|
| 005 | 20260326235441.0 | ||
| 008 | 260326s9999||||xx |||||||||||||| ||und|| | ||
| 100 | _aHess, Alan | ||
| 245 | 0 |
_aOrganic Architecture : _b The other Modernism / _cAlan Hess |
|
| 260 | _bGibbs Smith | ||
| 300 | _a275 p. | ||
| 650 | _aVIVIENDA | ||
| 942 | _cBK | ||
| 999 |
_c7414 _d7414 |
||